[Event "Novosibirsk Seniors op"]
[Site "Novosibirsk"]
[Date "2010.10.01"]
[Round "7"]
[White "Elchaninova, Galina"]
[Black "Khlebnikov, Vladimir"]
[Result "0-1"]
[WhiteElo "1665"]
[BlackElo "1722"]
[PlyCount "80"]
[EventDate "2010.09.24"]
[EventType "swiss"]
[EventRounds "9"]
[EventCountry "RUS"]
[SourceTitle "EXT 2014"]
[Source "ChessBase"]
[SourceDate "2013.11.20"]
[SourceVersion "1"]
[SourceVersionDate "2013.11.20"]
[SourceQuality "1"]

1. b3 e5 2. Bb2 Nc6 3. a3 a6 4. e3 Bc5 5. c4 d6 6. Nc3 Nf6 7. Be2 Bd7 8. Bf3 Rb8 9. d4 exd4 10. exd4 Nxd4 11. b4 Nxf3+ 12. Qxf3 Ba7 13. h3 0-0 14. Nge2 Re8 15. 0-0 Re7 16. Nd5 Nxd5 17. cxd5 Bb5 18. Rfe1 Qf8 19. Nd4 Rxe1+ 20. Rxe1 Bxd4 21. Bxd4 Re8 22. Rc1 Re7 23. Kh2 Be2 24. Qg3 f6 25. f3 Bb5 26. Qf2 Kh8 27. Rc3 Qf7 28. Qc2 h6 29. Bf2 Re2 30. Qc1 Rxf2 31. Rxc7 Qxd5 32. Rc8+ Kh7 33. Kg3 Rf1 34. Qc2+ Bd3 35. Qd2 Qe5+ 36. f4 Qe1+ 37. Qxe1 Rxe1 38. Rd8 Re3+ 39. Kh2 Re6 40. Rb8 Be4 0-1

[Event "Novosibirsk Seniors op"]
[Site "Novosibirsk"]
[Date "2010.09.30"]
[Round "6"]
[White "Chernoev, Yakov"]
[Black "Elchaninova, Galina"]
[Result "1-0"]
[WhiteElo "1891"]
[BlackElo "1665"]
[PlyCount "55"]
[EventDate "2010.09.24"]
[EventType "swiss"]
[EventRounds "9"]
[EventCountry "RUS"]
[SourceTitle "EXT 2014"]
[Source "ChessBase"]
[SourceDate "2013.11.20"]
[SourceVersion "1"]
[SourceVersionDate "2013.11.20"]
[SourceQuality "1"]

1. e4 e6 2. d4 d5 3. Nc3 c6 4. Bd3 g6 5. e5 Nd7 6. f4 Bb4 7. Bd2 Nb6 8. a3 Bxc3 9. bxc3 Bd7 10. Nf3 Ne7 11. 0-0 Qc7 12. Qe1 Nf5 13. g4 Ne7 14. Qh4 Ng8 15. Ng5 h6 16. f5 gxf5 17. gxf5 Ne7 18. fxe6 Bxe6 19. Nxe6 fxe6 20. Qh5+ Kd7 21. Rf6 Rag8+ 22. Kh1 Qd8 23. Qf7 Kc8 24. Qxe6+ Kb8 25. Bf4 Na4 26. Rb1 b6 27. Bd2 Ka8 28. Rf7 1-0

[Event "Novosibirsk Seniors op"]
[Site "Novosibirsk"]
[Date "2010.09.29"]
[Round "5"]
[White "Elchaninova, Galina"]
[Black "Stepanenko, Leonid"]
[Result "0-1"]
[WhiteElo "1665"]
[BlackElo "1858"]
[PlyCount "84"]
[EventDate "2010.09.24"]
[EventType "swiss"]
[EventRounds "9"]
[EventCountry "RUS"]
[SourceTitle "EXT 2014"]
[Source "ChessBase"]
[SourceDate "2013.11.20"]
[SourceVersion "1"]
[SourceVersionDate "2013.11.20"]
[SourceQuality "1"]

1. c4 e5 2. Nc3 Nf6 3. e3 Nc6 4. Be2 d5 5. cxd5 Nxd5 6. Nxd5 Qxd5 7. Bf3 e4 8. Be2 Ne5 9. b3 Nd3+ 10. Bxd3 Qxd3 11. h3 Be6 12. Ne2 Bd6 13. Bb2 0-0 14. Rc1 Rad8 15. Nd4 Bc8 16. Qc2 Qa6 17. a4 Rfe8 18. Qc4 Qa5 19. Bc3 Qg5 20. Qf1 a6 21. b4 Bd7 22. b5 axb5 23. axb5 Ra8 24. Rb1 c5 25. bxc6 bxc6 26. Ra1 Rxa1+ 27. Bxa1 Rb8 28. Ke2 c5 29. f4 Qg3 30. Qf2 Qxf2+ 31. Kxf2 cxd4 32. Bxd4 Bb5 33. Ra1 Bd3 34. Rc1 h5 35. g4 hxg4 36. hxg4 Be7 37. Kg3 Bf6 38. Bxf6 gxf6 39. Rc3 Kg7 40. g5 fxg5 41. fxg5 Rb2 42. Rc6 Rxd2 0-1

[Event "Novosibirsk Sukharev Memorial Seniors"]
[Site "Novosibirsk"]
[Date "2010.07.21"]
[Round "4"]
[White "Popova, Adelanda"]
[Black "Elchaninova, Galina"]
[Result "0-1"]
[WhiteElo "1650"]
[BlackElo "1663"]
[PlyCount "71"]
[EventDate "2010.07.18"]
[EventType "swiss"]
[EventRounds "9"]
[EventCountry "RUS"]
[SourceTitle "EXT 2011"]
[Source "ChessBase"]
[SourceDate "2010.11.26"]
[SourceVersion "1"]
[SourceVersionDate "2010.11.26"]
[SourceQuality "1"]

1. d4 d6 2. c4 e6 3. Nf3 Be7 4. e4 b6 5. Nc3 Bb7 6. Be2 Nd7 7. 0-0 c5 8. d5 e5 9. Be3 a6 10. a4 a5 11. h3 Nb8 12. Nh2 Na6 13. f4 Bf6 14. f5 h6 15. Bg4 Bc8 16. b3 Bd7 17. Bh5 Qe7 18. Qd2 0-0-0 19. Nb5 Bxb5 20. axb5 Nb8 21. Ng4 Bg5 22. Qf2 Nf6 23. Nxf6 Qxf6 24. Bxg5 hxg5 25. Qg3 Rxh5 26. Kf2 Rdh8 27. Rh1 Rh4 28. Ke2 Qh6 29. Kd3 Rf4 30. Qe3 g4 31. hxg4 Qxh1 32. Rxh1 Rxh1 33. g5 Rb1 34. Kc2 Rff1 35. g4 Rfe1 36. Qg3 0-1

[Event "SFR-ch Seniors"]
[Site "Novosibirsk"]
[Date "2008.10.14"]
[Round "7"]
[White "Elchaninova, Galina"]
[Black "Ivanov, Albert"]
[Result "0-1"]
[WhiteElo "1752"]
[BlackElo "1779"]
[PlyCount "82"]
[EventDate "2008.10.08"]
[EventType "swiss"]
[EventRounds "9"]
[EventCountry "RUS"]
[SourceTitle "EXT 2022"]
[Source "ChessBase"]
[SourceDate "2021.10.06"]
[SourceVersion "1"]
[SourceVersionDate "2021.10.06"]
[SourceQuality "1"]

1. c4 e5 2. Nc3 d6 3. e4 f5 4. d3 Nc6 5. Nge2 Nf6 6. g3 Be6 7. exf5 Bxf5 8. Bg2 Qd7 9. h4 0-0-0 10. Bg5 h6 11. Bxf6 gxf6 12. Ne4 Bg7 13. N2c3 Bxe4 14. Bxe4 f5 15. Bg2 Nd4 16. Rb1 Kb8 17. 0-0 Rhf8 18. Bh3 Qc6 19. Nd5 Qe8 20. Bg2 f4 21. Kh2 f3 22. Bh3 Qf7 23. b4 Ne2 24. Rb3 c6 25. Ne3 d5 26. c5 e4 27. Nf5 Nd4 28. Nxd4 Bxd4 29. Qc2 Rde8 30. Re1 e3 31. fxe3 Rxe3 32. Rxe3 Bxe3 33. Rb1 d4 34. a4 Re8 35. Rf1 Rf8 36. Qb1 Qd5 37. Qc2 Re8 38. Re1 Bg1+ 39. Rxg1 Re2+ 40. Qxe2 fxe2 41. Re1 Qf3 0-1

[Event "SFR-ch Seniors"]
[Site "Novosibirsk"]
[Date "2008.10.08"]
[Round "1"]
[White "Elchaninova, Galina"]
[Black "Volkov, Petr"]
[Result "0-1"]
[WhiteElo "1752"]
[BlackElo "2076"]
[PlyCount "62"]
[EventDate "2008.10.08"]
[EventType "swiss"]
[EventRounds "9"]
[EventCountry "RUS"]
[SourceTitle "EXT 2022"]
[Source "ChessBase"]
[SourceDate "2021.10.06"]
[SourceVersion "1"]
[SourceVersionDate "2021.10.06"]
[SourceQuality "1"]

1. c4 e5 2. Nc3 f5 3. e3 Nf6 4. d4 e4 5. g3 Bb4 6. Bd2 Nc6 7. Qb3 Qe7 8. Bg2 Na5 9. Qc2 Nxc4 10. Nge2 Nxd2 11. Qxd2 d5 12. a3 Bd6 13. Rc1 c6 14. 0-0 0-0 15. f4 Be6 16. h3 Rfc8 17. Na2 b6 18. Rc2 c5 19. Rfc1 c4 20. Nac3 a6 21. Na4 Qa7 22. b4 cxb3 23. Rxc8+ Rxc8 24. Rxc8+ Bxc8 25. Qc1 Qc7 26. Qb2 Qc4 27. Nc1 Bxa3 28. Qxb3 Bxc1 29. Qxc4 Bxe3+ 30. Kh2 dxc4 31. Bf1 b5 0-1

[Event "Novosibirsk-ch Seniors op"]
[Site "Novosibirsk"]
[Date "2008.09.28"]
[Round "4"]
[White "Elchaninova, Galina"]
[Black "Shilenko, Vladimir"]
[Result "0-1"]
[WhiteElo "1787"]
[BlackElo "2134"]
[PlyCount "62"]
[EventDate "2008.09.25"]
[EventType "swiss"]
[EventRounds "9"]
[EventCountry "RUS"]
[SourceTitle "EXT 2022"]
[Source "ChessBase"]
[SourceDate "2021.10.06"]
[SourceVersion "1"]
[SourceVersionDate "2021.10.06"]
[SourceQuality "1"]

1. c4 e5 2. Nc3 f5 3. e3 Nf6 4. d3 c6 5. Be2 Be7 6. Nf3 d6 7. 0-0 0-0 8. h3 Qe8 9. Nh2 Qg6 10. Kh1 Nbd7 11. b4 d5 12. a3 d4 13. exd4 exd4 14. Na2 b6 15. Bb2 c5 16. b5 Ne5 17. Bf3 Rb8 18. Nc1 Nxf3 19. Nxf3 Bd6 20. Ne2 f4 21. Neg1 Qh5 22. Nh2 Qh6 23. f3 Qg6 24. Ne2 Bf5 25. Nc1 Nh5 26. Rf2 Rbe8 27. Ng4 Ng3+ 28. Kh2 h5 29. Kg1 hxg4 30. fxg4 Bxg4 31. Qxg4 Re1+ 0-1

[Event "Novosibirsk Sukharev Memorial Seniors"]
[Site "Novosibirsk"]
[Date "2008.07.24"]
[Round "5"]
[White "Elchaninova, Galina"]
[Black "Romanov, Viktor"]
[Result "0-1"]
[WhiteElo "1787"]
[BlackElo "1993"]
[PlyCount "94"]
[EventDate "2008.07.20"]
[EventType "swiss"]
[EventRounds "9"]
[EventCountry "RUS"]
[SourceTitle "EXT 2022"]
[Source "ChessBase"]
[SourceDate "2021.10.06"]
[SourceVersion "1"]
[SourceVersionDate "2021.10.06"]
[SourceQuality "1"]

1. c4 e6 2. d4 b6 3. a3 Bb7 4. Nc3 f5 5. e3 Nf6 6. f3 Bd6 7. Nge2 0-0 8. Nb5 Be7 9. Ng3 h5 10. Bd2 h4 11. Ne2 a6 12. Nbc3 d6 13. Nf4 Kf7 14. Be2 g5 15. Nd3 Nbd7 16. Nf2 c5 17. dxc5 dxc5 18. Qc2 Qc7 19. e4 f4 20. h3 Nh5 21. Bd3 Ng3 22. Rg1 Ne5 23. b3 Rad8 24. 0-0-0 Rd7 25. Be1 Rfd8 26. Be2 Bf6 27. Rxd7+ Qxd7 28. Bd1 Nc6 29. Qb1 Bd4 30. Qc2 Be3+ 31. Kb1 Nd4 32. Qd3 b5 33. Ng4 Nc6 34. Qxd7+ Rxd7 35. Bf2 Bxf2 36. Nxf2 bxc4 37. bxc4 Ne5 38. Bb3 Rd2 39. Ncd1 Ne2 40. Re1 a5 41. Ng4 Nxg4 42. fxg4 Bxe4+ 43. Ka1 Bxg2 44. Nf2 Nd4 45. Ba4 Rxf2 46. Re5 Re2 47. Rxg5 f3 0-1

[Event "Novosibirsk-ch Seniors"]
[Site "Novosibirsk"]
[Date "2008.02.03"]
[Round "1"]
[White "Ezhov, Victor"]
[Black "Elchaninova, Galina"]
[Result "1-0"]
[WhiteElo "1995"]
[BlackElo "1787"]
[PlyCount "62"]
[EventDate "2008.02.03"]
[EventType "swiss"]
[EventRounds "9"]
[EventCountry "RUS"]
[SourceTitle "EXT 2010"]
[Source "ChessBase"]
[SourceDate "2010.11.25"]
[SourceVersion "1"]
[SourceVersionDate "2010.11.25"]
[SourceQuality "1"]

1. c4 Nf6 2. g3 g6 3. Nf3 d6 4. d4 Bg7 5. Nc3 a6 6. Bg2 0-0 7. 0-0 Nc6 8. e4 e5 9. Be3 exd4 10. Nxd4 Ne5 11. b3 c6 12. h3 Qa5 13. Qc2 Be6 14. Rad1 Rad8 15. f4 Ned7 16. Nxe6 fxe6 17. Rxd6 Ne8 18. Rd3 c5 19. e5 Qc7 20. Rfd1 Qc8 21. Ne4 b6 22. Ng5 Nc7 23. Bc6 Nb8 24. Bg2 Rxd3 25. Qxd3 Ne8 26. Nxe6 Rf7 27. Ng5 Rd7 28. Bd5+ Kh8 29. Nf7+ Rxf7 30. Bxf7 Qxh3 31. Bf2 Qc8 1-0